Save My Life- Niall Horan (All Lyrics) - Statistics

General Stats
  • This quiz has been taken 21 times
  • The average score is 177 of 246
Answer Stats
Hint Lyrics % Correct
I
100%
the
93%
you
93%
a
86%
are
86%
life
86%
my
86%
save
86%
but
79%
for
79%
I'm
79%
i'm
79%
in
79%
like
79%
might
79%
so
79%
been
71%
Chorus: ever
71%
feel
71%
it
71%
now
71%
to
71%
when
71%
Verse 2: and
64%
Verse 1: Eyes
64%
is
64%
I've
64%
me
64%
darlin'
57%
dying
57%
floor
57%
just
57%
light
57%
say
57%
since
57%
walked
57%
way
57%
gives
50%
got
50%
new
50%
seeing
50%
shaking
50%
starting
50%
tell
50%
as
43%
blooming
43%
changing
43%
float
43%
floating
43%
gotta
43%
leaves
43%
name
43%
sounds
43%
where
43%
above
36%
feeling's
36%
feet
36%
ground
36%
mind
36%
moving
36%
on
36%
open
36%
shelter
36%
walls
36%
going
29%
something
29%
through
29%
up
29%
ceiling
21%
rolling
21%
seven
21%
afraid
14%
interstellar
14%
No matching quizzes found
Score Distribution
Percent of People with Each Score
Percentile by Number Answered
Your Score History
You have not taken this quiz